00000000nam 2200000zi 4500
0019.947134
003CaOODSP
00520250121072003
006m     o  d f      
007cr mn|||||||||
008250120t20082008quco    o    f000 0 eng d
020 |a9780660636566 |q(print)
040 |aCaOODSP|beng|erda|cCaOODSP
0410 |aeng|afre
043 |an-cn-qu|an-cn---
0861 |aNM24-20/2008-PDF|zNM24-20/2008
1000 |aMalak, |ephotographer.
24514|aThe Canadian Museum of Civilization / |cphotographs by Malak ; with additional photos by Hans Blohm, Steven Darby, Harry Foster ; introduction by Victor Rabinovitch = Le Musée canadien des civilisations / photographies par Malak ; avec photographies additionnelles par Hans Blohm, Steven Darby, Harry Foster ; introduction par Victor Rabinovitch.
24611|aMusée canadien des civilisations
250 |a7th ed. = 7e éd.
264 1|aGatineau, Quebec : |bCanadian Museum of Civilization = Musée canadien des civilisations, |c2008.
264 4|c©2008
300 |a1 online resource (103 unnumbered pages) : |bcolour photographs
336 |atext|btxt|2rdacontent
337 |acomputer|bc|2rdamedia
338 |aonline resource|bcr|2rdacarrier
500 |aDigitized edition from print [produced by Government of Canada Publications Directorate].
546 |aText in English and French.
61020|aCanadian Museum of Civilization|vPictorial works.
650 0|aNational museums|zCanada|vPictorial works.
655 7|aIllustrated works|2lcgft
7001 |aBlohm, Hans, |ephotographer.
7001 |aDarby, Stephen, |ephotographer.
7001 |aFoster, Harry, |ephotographer.
7001 |aRabinovitch, Victor, |eauthor.
7102 |aCanadian Museum of Civilization, |eissuing body.
7760#|tThe Canadian Museum of Civilization : |w(CaOODSP)9.669693
788 |tThe Canadian Museum of Civilization / |efre|w(CaOODSP)9.947137
85640|qPDF|s76.60 MB|uhttps://publications.gc.ca/collections/collection_2025/mch-cmh/NM24-20-2008.pdf